Asian capitals - sudden death - Statistics

General Stats
  • This quiz has been taken 106 times
  • The average score is 11 of 15
Answers on the Grid
Answers color-coded by a green-red scale on the quiz's grid according to % correct below.
Tokyo
Shanghai
Ho Chi Minh City
New Delhi
Mecca
Baghdad
Karachi
Beijing
Almaty
Seoul
Istanbul
Mumbai
Hanoi
Jakarta
Astana
Tel Aviv
Kabul
Jerusalem
Damascus
Yangon
Manila
Osaka
Busan
Tashkent
Bangalore
Islamabad
Singapore
Wuhan
Dubai
Bandung
 
Answer Stats
Answer % Correct
Beijing
82%
Seoul
79%
Tokyo
79%
Singapore
77%
Baghdad
76%
Manila
76%
New Delhi
76%
Jakarta
74%
Kabul
74%
Islamabad
73%
Hanoi
71%
Damascus
70%
Jerusalem
70%
Tashkent
64%
Astana
61%
No matching quizzes found
Score Distribution
Percent of People with Each Score
Percentile by Number Answered
Your Score History
You have not taken this quiz